|
|
|
|
| LEADER |
00838pam a22002418a 4500 |
| 001 |
00029142 |
| 005 |
20171026081025.0 |
| 008 |
120508s2011 ||||||Viesd |
| 020 |
|
|
|c 285000
|
| 041 |
0 |
# |
|a Vie
|
| 082 |
1 |
4 |
|b B452C
|a 371
|
| 100 |
1 |
# |
|a Tô, Xuân Dân
|
| 245 |
1 |
0 |
|a Bối cảnh mới ngôi trường mới nhà quản lý giáo dục mới
|c Tô Xuân Dân
|
| 260 |
# |
# |
|a Hà Nội
|b Đại Học Quốc Gia Hà Nội
|c 2011
|
| 300 |
# |
# |
|a 694tr.
|c 24cm.
|
| 650 |
# |
4 |
|a Giáo dục
|x Quản lý
|
| 653 |
# |
# |
|a Bối cảnh mới
|
| 653 |
# |
# |
|a Quản lý giáo dục
|
| 852 |
# |
# |
|b Kho mượn
|j KM.0013863
|
| 852 |
# |
# |
|b Kho đọc
|j KD.0013403
|
| 852 |
# |
# |
|j KD.0013403
|j KM.0013863
|
| 910 |
|
|
|d 08/05/2012
|
| 980 |
# |
# |
|a Trung tâm Học liệu Lê Vũ Hùng, Trường Đại học Đồng Tháp
|